MARC

LEADER 00000nam0a2200000 4500
001 375769
005 20231102012750.0
010 |a 5020285676 
020 |a RU  |b 88-10329 
035 |a (RuTPU)RU\TPU\retro\33208 
035 |a RU\TPU\book\281305 
090 |a 375769 
100 |a 20221221d1988 k y0rusy5003 ca 
101 0 |a rus 
102 |a RU 
105 |a a z 001zy 
200 1 |a Информационная система по спектроскопии высокого разрешения  |f О. К. Войцеховская, А. В. Розина, Н. Н. Трифонова  |g Академия наук СССР (АН СССР), Сибирское отделение (СО), Институт оптики атмосферы (ИОА) ; под ред. С. Д. Творогова 
210 |a Новосибирск  |c Наука  |c Сиб. отд-ние  |d 1988 
215 |a 149 с.  |c граф. 
320 |a Библиогр.: с. 137-148 (247 назв.). 
606 1 |a Спектроскопия  |x (физика)  |2 stltpush  |3 (RuTPU)RU\TPU\subj\73667  |9 86533 
610 1 |a молекулярная спектроскопия 
610 1 |a информационные системы 
610 1 |a спектроскопические исследования 
610 1 |a спектроскопические методы 
610 1 |a спектроскопические данные 
675 |a 535.33  |z rus  |v 3 
700 1 |a Войцеховская  |b О. К.  |g Ольга Кузьминична  |4 070 
701 1 |a Розина  |b А. В.  |g Альбина Владимировна 
701 1 |a Трифонова  |b Н. Н.  |g Наталья Николаевна 
702 1 |a Творогов  |b С. Д.  |4 340 
712 0 2 |a Академия наук СССР (АН СССР)  |b Сибирское отделение (СО)  |b Институт оптики атмосферы (ИОА)  |c (Томск)  |2 stltpush  |3 (RuTPU)RU\TPU\col\11569 
801 0 |a RU  |b RuMRKP  |c 19950417  |g psbo 
801 1 |a RU  |b 63413507  |c 20140424 
801 2 |a RU  |b 63413507  |c 20221221  |g RCR 
942 |c BK